Obálka Náhled e-knihy:
PDF Epub
Pro půjčování e-knih musíte být přihlášeni.
Jak si půjčit online?

Tajomná lekáreň 4 - Turnaj tisícich talentov /

Luci Alvensteinová má tajomstvo. Hlboko pod ich domom sa ukrýva neobyčajná miestnosť – voňavá lekáreň! Jedného dňa sa Luci dostane do rúk pozvánka na „Turnaj tisícich talentov“. Má ísť o súboj najlepších parfumérov na svete. Luci nemá inú možnosť, než tam ísť a riskovať, že príde o všetko, čo kedy m...

Celý popis

Uloženo v:
Série:Tajomná lekáreň, část 4
Hlavní autor: Ruhe, Anna (Autor)
Médium: E-kniha
Jazyk:Czech
Vydáno: Praha : Albatros Media Slovakia s.r.o., 2025
Příbuzné jednotky:Z cyklu:: Tajomná lekáreň
Tagy:
Žádné tagy
LEADER 01646nam a22002417i 4500
001 302667
007 ta
008 260514s2025 xr ||||| |||| 00| 0 cze d
020 |a 9788056643877 
044 |a xr 
100 1 |a  Ruhe, Anna  |4 aut 
245 1 0 |a Tajomná lekáreň 4 - Turnaj tisícich talentov /  |c  Ruhe, Anna 
240 1 0 |a Die Duftapotheke (4). Das Turnier der tausend Talente 
264 1 |a Praha :  |b Albatros Media Slovakia s.r.o.,  |c 2025 
300 |a 1 online zdroj (248 stran) 
336 |a text  |b txt  |2 rdacontent 
337 |a bez média  |b n  |2 rdamedia 
338 |a online zdroj  |b cr  |2 rdacarrier 
520 2 |a Luci Alvensteinová má tajomstvo. Hlboko pod ich domom sa ukrýva neobyčajná miestnosť – voňavá lekáreň! Jedného dňa sa Luci dostane do rúk pozvánka na „Turnaj tisícich talentov“. Má ísť o súboj najlepších parfumérov na svete. Luci nemá inú možnosť, než tam ísť a riskovať, že príde o všetko, čo kedy milovala. Spolu s Matsom, Leonom a Daanom de Bruijnom odcestuje do Anglicka, aby sa zúčastnila na turnaji. Lenže to, čo sa začne ako veľká hra, sa rýchlo zmení na boj o prežitie. 
787 0 8 |g 4  |i Z cyklu:  |t Tajomná lekáreň 
910 |a RBIT002 
998 |d 426878  |a https://core.palmknihy.cz/api/books/426878/cover?tesgh7  |b https://core.palmknihy.cz/api/books/426878/cover/400?tesgh7  |c https://core.palmknihy.cz/api/books/426878/cover/50?tesgh7  |e 2028-09-27  |g 248  |i 9788056643877  |j https://core.palmknihy.cz/api/books/426878/preview.epub  |k https://core.palmknihy.cz/api/books/426878/preview.pdf  |l   |q 49  |r 1  |s https://www.palmknihy.cz/kniha/426878  |t ebook  |y 2025  |z 1  |v Tajomná lekáreň  |w 4 
999 |d 302665